• 首页
  • 本馆介绍
  • 公告通知
  • 最新文献
  • 馆藏检索
  • 电子资源
  • 读者导购
  • 参考咨询
  • 我的图书馆
  • 登录
  • 详细信息显示
  • 放入我的书架
  • 预约/预借图书
  • 作者相关作品
  • 分类相关作品
  • 丛书相关作品
  • 出版社相关作品

书目信息

  • 表格格式
  • 工作单格式
  • 卡片格式
题名:
元史
    
 
作者: 宋濂 撰
分册: 8   志
出版信息: 北京   中华书局  1976
页数: 2243-2551页
开本: 20cm
丛书名:
单 册:
中图分类: K247.042
科图分类:
主题词: 历史--中国--元史--纪传体 , 历史
电子资源:
ISBN:
000 00691nam0 2200265 450
001 1551423952
005 20150123141858.82
010    @dCNY1.80
091    @a11018.638
100    @a19951017d1976 kemy0chiy0110 ea
101 0  @achi
102    @aCN@b110000
105    @ay z 000yd
200 1  @a元史@Ayuan shi@h8@i志@f(明)宋濂等撰
210    @a北京@c中华书局@d1976
215    @a2243-2551页@d20cm
517 1  @a志@Azhi
605    @2CT@3S905284@a元史
606 0  @a历史@x中国@x元史@x纪传体
606 0  @a历史
607    @2CT@3S096218@a中国
690    @aK247.042@v3
701  0 @c(明)@a宋濂@Asong lian@f(1310~1381)@4撰
801  0 @aCN@bNLC@c20101222
905    @aZUCC@dK247.042@eJY1:8
    
    元史.8.志/(明)宋濂等撰.-北京:中华书局,1976
    2243-2551页;20cm
    
    
    ISBN :CNY1.80
    
●
相关链接 在E读中查询图书 在五车中查询图书 在当当中查询图书 在豆瓣中查询图书


正题名:元史     索取号:K247.042/JY1:8         预约/预借

序号 登录号 条形码 馆藏地/架位号 状态 备注
1 7850598   278505985   学院路分馆/ [索取号:K247.042/JY1:8] 在馆    
2 7850599   278505994   学院路分馆/ [索取号:K247.042/JY1:8] 在馆    
唐山师范学院图书馆 欢迎您!
大连网信软件有限公司© 版权所有